Vybrané charakteristiky slovenského maloobchodu

Súhrnné informácie o vybraných charakteristikách slovenského maloobchodu. Vplyv pandémie COVID-19 na maloobchod a situácia v slovenskom maloobchode za posledné roky. Pohľad na maloobchod prostredníctvom vývoja tržieb v maloobchode na Slovensku so zameraním na sumárne hodnoty a cielením na stravovaci...

Descripción completa

Guardado en:
Detalles Bibliográficos
Autor principal: Petrovčiková, Katarína, 1977-
Otros Autores: Lieskovská, Vanda, 1961-
Formato: Capítulo de libro
Lenguaje:eslovaco
Materias:
Etiquetas: Agregar Etiqueta
Sin Etiquetas, Sea el primero en etiquetar este registro!

MARC

LEADER 00000naa$a2200000$$$4500
001 0281347
005 20240502074358.3
041 0 |a slo 
044 |a SK 
245 1 0 |a Vybrané charakteristiky slovenského maloobchodu  |c Katarína Petrovčiková, Vanda Lieskovská 
520 |a Súhrnné informácie o vybraných charakteristikách slovenského maloobchodu. Vplyv pandémie COVID-19 na maloobchod a situácia v slovenskom maloobchode za posledné roky. Pohľad na maloobchod prostredníctvom vývoja tržieb v maloobchode na Slovensku so zameraním na sumárne hodnoty a cielením na stravovacie a ubytovacie služby. 
610 2 0 |a maloobchod 
610 2 0 |a spotrebitelia 
610 2 0 |a tržby 
610 2 0 |a predaj 
610 2 0 |a ubytovanie 
610 2 0 |a pandémia 
610 2 0 |a Slovensko 
100 1 |a Petrovčiková, Katarína, 1977- 
700 1 |a Lieskovská, Vanda, 1961-